<?xml version="1.0" encoding="UTF-8"?>
<record
    xmlns:xsi="http://www.w3.org/2001/XMLSchema-instance"
    xsi:schemaLocation="http://www.loc.gov/MARC21/slim http://www.loc.gov/standards/marcxml/schema/MARC21slim.xsd"
    xmlns="http://www.loc.gov/MARC21/slim">

  <leader>01413nam a22002417a 4500</leader>
  <controlfield tag="005">20210929094759.0</controlfield>
  <controlfield tag="008">210929b           ||||| |||| 00| 0 eng d</controlfield>
  <datafield tag="020" ind1=" " ind2=" ">
    <subfield code="a">8120725344</subfield>
  </datafield>
  <datafield tag="040" ind1=" " ind2=" ">
    <subfield code="c">AL</subfield>
  </datafield>
  <datafield tag="041" ind1=" " ind2=" ">
    <subfield code="a">eng</subfield>
  </datafield>
  <datafield tag="082" ind1=" " ind2=" ">
    <subfield code="2">23</subfield>
    <subfield code="a">303.625</subfield>
    <subfield code="b">SAID</subfield>
  </datafield>
  <datafield tag="100" ind1=" " ind2=" ">
    <subfield code="a">Vinod Saighal</subfield>
    <subfield code="9">504</subfield>
  </datafield>
  <datafield tag="245" ind1=" " ind2=" ">
    <subfield code="a">Dealing with global terrorism:</subfield>
    <subfield code="b">The way forward</subfield>
  </datafield>
  <datafield tag="260" ind1=" " ind2=" ">
    <subfield code="a">New Delhi</subfield>
    <subfield code="b">Sterling Publishers Pvt Ltd</subfield>
    <subfield code="c">2003</subfield>
  </datafield>
  <datafield tag="300" ind1=" " ind2=" ">
    <subfield code="a">xii,398p.</subfield>
    <subfield code="b">HB</subfield>
    <subfield code="c">22x14cm.</subfield>
  </datafield>
  <datafield tag="365" ind1=" " ind2=" ">
    <subfield code="b">600.00</subfield>
    <subfield code="c">&#x20B9;</subfield>
    <subfield code="d">600.00</subfield>
    <subfield code="f">2013/03/24</subfield>
  </datafield>
  <datafield tag="500" ind1=" " ind2=" ">
    <subfield code="a">Sociology</subfield>
  </datafield>
  <datafield tag="520" ind1=" " ind2=" ">
    <subfield code="a">This book goes beyond the well-known by-lanes of the phenomenon and provides a tantalising glimpse of how the world is probably missing the wood for the trees in its fight against global terrorism. The author shows how national response patterns, ignoring several alternative strategies, still hover between retaliatory overkill. Delving into territory that has seldom been charted by scholars and experts writing on the subject, this book is particularly discernible in his views on: Breaking the Definitional Impasse that has eluded the comity of nations; looking beyond Iraq; countering suicide missions; and future projections to tackle the menace of global terrorism.</subfield>
    <subfield code="u">https://sites.google.com/a/gk.books-now.com/en251/9788120725348-68gnosniGEdulno58</subfield>
  </datafield>
  <datafield tag="650" ind1=" " ind2=" ">
    <subfield code="a">Terrorism</subfield>
    <subfield code="9">505</subfield>
  </datafield>
  <datafield tag="650" ind1=" " ind2=" ">
    <subfield code="a">World Politics</subfield>
    <subfield code="9">506</subfield>
  </datafield>
  <datafield tag="700" ind1=" " ind2=" ">
    <subfield code="a">SAIGHAL (Vinod)</subfield>
    <subfield code="9">507</subfield>
  </datafield>
  <datafield tag="942" ind1=" " ind2=" ">
    <subfield code="2">ddc</subfield>
    <subfield code="c">GF</subfield>
  </datafield>
  <datafield tag="999" ind1=" " ind2=" ">
    <subfield code="c">216422</subfield>
    <subfield code="d">216422</subfield>
  </datafield>
  <datafield tag="952" ind1=" " ind2=" ">
    <subfield code="0">0</subfield>
    <subfield code="1">0</subfield>
    <subfield code="2">ddc</subfield>
    <subfield code="4">0</subfield>
    <subfield code="7">0</subfield>
    <subfield code="8">SOC</subfield>
    <subfield code="a">AL</subfield>
    <subfield code="b">AL</subfield>
    <subfield code="d">2021-03-24</subfield>
    <subfield code="g">0.00</subfield>
    <subfield code="l">0</subfield>
    <subfield code="o">303.625 SAID</subfield>
    <subfield code="p">GF01559</subfield>
    <subfield code="r">2021-09-29 00:00:00</subfield>
    <subfield code="u">https://sites.google.com/a/gk.books-now.com/en251/9788120725348-68gnosniGEdulno58</subfield>
    <subfield code="v">0.00</subfield>
    <subfield code="w">2013-03-24</subfield>
    <subfield code="y">GF</subfield>
  </datafield>
</record>
